Oeuvre vs compositeur - Statistiques

Statistiques générales
  • Ce quiz a été pris 418 fois
  • Le résultat moyen est 13 sur 25
Statistiques - réponses
Hint Réponse % Correct
Boléro Ravel
92%
Les quatre saisons Vivaldi
91%
La chevauchée des Walkyries Wagner
79%
La 5ème Beethoven
78%
Le lac des cygnes Tchaikovsky
75%
La Truite Schubert
68%
La Traviata Verdi
63%
La 40ème Mozart
62%
Pierre et le loup Prokofiev
62%
Petite musique de nuit Mozart
61%
Casse noisette Tchaikovsky
61%
Le beau Danube bleu Strauss
60%
Clair de lune Debussy
56%
La danse macabre Saint-Saëns
56%
Le Canon Pachelbel
52%
Danses hongroises Brahms
51%
(La) Toccata Bach
46%
Fantaisie impromptu Chopin
39%
L'apprenti sorcier Dukas
36%
24 Caprices Paganini
29%
Trois morceaux en forme de poire Satie
23%
Marche pour la cérémonie des Turcs Lully
22%
La méditation de Thaïs Massenet
22%
Czardas Monti
16%
Les danses roumaines Bartok
15%
Aucun quiz correspondant
Distribution des résultats
% des personnes avec chaque résultat
Percentile par nombre de réponses
Votre historique - résultats
Vous n’avez pas pris ce quiz